000 01029nam a22003257a 4500
003 CHAP
005 20220817041043.0
008 971013s1990 r 00010 d
010 _a5411
011 _a6383
035 _a5603
040 _cCHAP
082 _a636.089
_bG3
100 0 0 _aGarcía Vázquez, Zeferino.
_946744
245 _aEpidemiología veterinaria y salud animal
260 _aMéxico, D.F. :
_bLimusa,
_c1990
300 _a213 p.
_b: ilus. ; gráfs.; cuadros
500 _a57-55
590 _aBATCH-UPD
_b10
_c20130110
_lUCH01
_h1129
590 _aBATCH-UPD
_b10
_c20130410
_lUCH01
_h0718
590 _aBATCH-UPD
_b10
_c20130914
_lUCH01
_h1313
590 _aCONVERSION
_b10
_c20130109
_lUCH01
_h1304
650 1 4 _aEpidemiología.
650 1 4 _aSanidad animal.
_9102221
650 1 4 _aVeterinaria.
_9118987
901 _aBK
942 _cLIBRO
949 _a636.089 G3
_bBC
_cLIBRO
_d33724000272365
_eLIBRO
_h82038
_i5603
_si
_t22.00
949 _a636.089 G3
_bBC
_cLIBRO
_d33724000272373
_eLIBRO
_fc.2
_h82039
_i5603
_si
_t22.00
999 _c5411
_d5411